00333nam a2200097Ia 4500008004100000100002700041245005500068260003100123650002000154856006100174160909s9999 xx 000 0 und d aHoffmann, Jason Thomas a22: A series of original programmatic compositions bDuquesne University.c2016 aMULTIMEDIA ARTS uhttp://pqdtopen.proquest.com/doc/1796371674.html?FMT=ABS